College Football Teams in 1878 - Statistics

General Stats
  • This quiz has been taken 11 times
  • The average score is 7 of 11
Answer Stats
Answer % Correct
Harvard
100%
Yale
100%
Brown
82%
Columbia
82%
Pennsylvania
82%
Princeton
82%
Rutgers
73%
Stevens Tech
27%
Amherst
18%
CCNY
18%
Swarthmore
0%
No matching quizzes found
Score Distribution
Percent of People with Each Score
Percentile by Number Answered
Your Score History
You have not taken this quiz